000 01792nam a22002417a 4500
999 _c199
_d199
003 AR-BaISA
005 20190206164436.0
007 ta
008 170911s2010 ag ad||| |||| 00| 0 spa d
020 _a9789872530310
040 _cAR-BaISA
082 0 4 _222
_a616.241 K674
100 1 0 _9474
_aKleinert, Mercedes
245 1 0 _aNeumología:
_bsemiología, clínica y tratamiento /
_cMercedes Kleinert y Hernán Massolini
260 _aBuenos Aires:
_bEdimed,
_c2010
300 _aVII, 235 p.:
_bil., graf.
504 _aBibliografía al final de cada capítulo
505 _tInterrogatorio sobre las enfermedades del aparato respiratorio --
_tExamen físico en las enfermedades del aparato respiratorio --
_tExámenes complementarios de diagnósticos no invasivos --
_tMétodos invasivos de diagnóstico --
_tSíndrome bronquial o canalicular --
_tSíndrome bronquiectásico --
_tSíndrome de condensación --
_tMicosis pulmonares --
_tTuberculosis pulmonar y extrapulmonar --
_tSíndrome intersticial --
_tSíndrome pleural --
_tSíndrome de insuficiencia respiratoria --
_tSíndrome mediastinal, pared torácica y diafragma --
_tSíndromes vasculares --
_tSíndrome de tromboembolismo venoso --
_tSíndromes con vasculitis pulmonar --
_tEl paciente con neoplasia pulmonar --
_tTrastornos respiratorios vinculados al sueño --
_tSíndrome de disfunción muscular respiratoria --
_tSíndromes con eosinofilia pulmonar --
_tSíndrome de insuficiencia respiratoria: ventilación mecánica no invasiva --
_tSíndrome de insuficiencia respiratoria aguda: asistencia respiratoria mecánica --
_tTrasplante de pulmón --
_tTabaquismo
_u
650 1 4 _9475
_aNeumología
650 1 4 _958
_aSistema respiratorio
_xenfermedades asociadas
700 1 _9476
_aMassolini, Hernán
_eaut.
942 _2ddc
_cLI